Germany : Staff Report for the 1999 Article IV Consultation.

This 1999 Article IV Consultation highlights that the monetary conditions in Germany have eased significantly since late 1998, reflecting both policy actions and exchange rate developments. Short-term interest rates were reduced by the Bundesbank to 3 percent in December 1998 and, in the new context...

Ամբողջական նկարագրություն

Մատենագիտական մանրամասներ
Համատեղ հեղինակ: International Monetary Fund
Ձևաչափ: Ամսագիր
Լեզու:English
Հրապարակվել է: Washington, D.C. : International Monetary Fund, 1999.
Շարք:IMF Staff Country Reports; Country Report ; No. 1999/129
Առցանց հասանելիություն:Full text available on IMF
LEADER 01566cas a2200241 a 4500
001 AALejournalIMF001039
008 230101c9999 xx r poo 0 0eng d
020 |c 5.00 USD 
020 |z 9781451810332 
022 |a 1934-7685 
040 |a BD-DhAAL  |c BD-DhAAL 
110 2 |a International Monetary Fund. 
245 1 0 |a Germany :   |b Staff Report for the 1999 Article IV Consultation. 
264 1 |a Washington, D.C. :  |b International Monetary Fund,  |c 1999. 
300 |a 1 online resource (43 pages) 
490 1 |a IMF Staff Country Reports 
500 |a <strong>Off-Campus Access:</strong> No User ID or Password Required 
500 |a <strong>On-Campus Access:</strong> No User ID or Password Required 
506 |a Electronic access restricted to authorized BRAC University faculty, staff and students 
520 3 |a This 1999 Article IV Consultation highlights that the monetary conditions in Germany have eased significantly since late 1998, reflecting both policy actions and exchange rate developments. Short-term interest rates were reduced by the Bundesbank to 3 percent in December 1998 and, in the new context of European Monetary Union, by the European Central Bank to 2 1\2 percent in April 1999. The depreciation of the euro against other currencies since its inception in January 1999 has also been supportive of activity. 
538 |a Mode of access: Internet 
830 0 |a IMF Staff Country Reports; Country Report ;  |v No. 1999/129 
856 4 0 |z Full text available on IMF  |u http://elibrary.imf.org/view/journals/002/1999/129/002.1999.issue-129-en.xml  |z IMF e-Library